[Event "World Chess Candidates 2018"]
[Site "Berlin"]
[Date "2018.03.12"]
[Round "3"]
[White "Caruana, Fabiano"]
[Black "Mamedyarov, Shakhriyar"]
[Result "1/2-1/2"]
[WhiteElo "2784"]
[BlackElo "2809"]
[Annotator "TA"]
[PlyCount "98"]
[EventDate "2018.??.??"]
[EventType "tourn"]
[EventCountry "GER"]
[SourceTitle "playchess.com"]
[Source "ChessBase"]
[SourceQuality "1"]

{[%evp 30,98,0,0,25,10,16,0,0,0,0,-25,0,0,0,-37,110,102,103,95,91,68,155,158,121,102,135,128,166,98,103,113,87,87,87,58,82,0,101,0,57,54,57,54,54,18,0,0,9,0,0,0,0,0,0,0,0,0,0,0,0,0,0,0,0,0,0,0,0,0,0]} 1. e4 c5 2. Nf3 d6 3. d4 cxd4 4. Nxd4 Nf6 5. Nc3 a6 6. f3 e5 7. Nb3 Be6 8. Be3 Be7 9. Qd2 Nbd7 10. g4 {[%cal Bg2g4,Bg4g5][%mdl 32]} O-O 11. g5 Nh5 12. O-O-O b5 13. Nd5 Bxd5 {B90: Sicilian Najdorf: Unusual White 6th moves, 6 Be3 Ng4 and 6 Be3 e5} 14. exd5 f6 15. gxf6 Bxf6 16. Kb1 {LiveBook: 7 Games} Nf4 17. Rg1 Kh8 18. Bd3 Bg5 19. Na5 Bh6 20. Nc6 $146 ({Predecessor:} 20. Be4 Qh4 21. Nb7 {0-1 (57) Karg,H (2183)-Kuosa,N (2568) ICCF email 2009}) 20... Qh4 21. Qb4 $36 {[%mdl 2048] White is pushing.} Rf6 22. a4 Qxh2 (22... Qh5 $15 {stays ahead.}) 23. Be4 $16 Qe2 24. Bxf4 $1 Bxf4 25. Qa5 $1 {[%cal Ra5c7]} Nc5 {[#]} (25... Be3 $1 $14 26. Rge1 Qf2) 26. Qc7 $1 {[%csl Gg1][%cal Rc7g7]} Bh6 27. Nd8 Nxe4 28. fxe4 Rf8 (28... Qxe4 $6 29. Rdf1 $11) (28... bxa4 29. Rd3 $15) 29. Nf7+ {[#]} (29. Rde1 $18 Qh5 30. Rh1) 29... Rxf7 $1 {[%mdl 512]} 30. Qxf7 Rc8 31. Rc1 $1 Qxe4 {[#]} 32. Rgf1 $1 {[%mdl 512] Threatening mate with Qf8+!} Bf4 {[#]} 33. Rg1 $1 {[%csl Gg1][%cal Rf7g7][%mdl 512]} Bh6 {[#]} 34. Rgf1 ({White should play} 34. Rg3 $1 $16) 34... Rg8 (34... Bf4 $1 $11) 35. Rcd1 $14 bxa4 ({But not} 35... Qxa4 $6 36. Qe7 $16) 36. Qe7 $1 Qg6 $1 37. Rf8 Bg5 {The position is equal.} 38. Rxg8+ Kxg8 $11 {[%mdl 4096] Endgame KQR-KQB} 39. Qd7 h5 40. Rg1 e4 {[%cal Be5e4,Be4e3][%mdl 32]} 41. Qxa4 e3 42. Qxa6 Qf5 43. Qa8+ ({Much weaker is} 43. Qxd6 e2 $15) 43... Kh7 {aiming for ...e2.} 44. Qe8 Bf4 45. Qe6 g6 46. Rf1 {And now b4 would win.} Kg7 47. Qxf5 gxf5 48. c4 {Hoping for Kc2.} ({Not} 48. Rxf4 $2 e2 $19) 48... Bg3 $1 49. Rg1 h4 {Precision: White = 70%, Black = 58%.} (49... f4 $5 50. Kc2 $8 e2 $11) 1/2-1/2

[Event "World Chess Candidates 2018"]
[Site "Berlin"]
[Date "2018.03.12"]
[Round "3"]
[White "Karjakin, Sergey"]
[Black "Grischuk, Alexander"]
[Result "1/2-1/2"]
[WhiteElo "2763"]
[BlackElo "2767"]
[Annotator "TA"]
[PlyCount "60"]
[EventDate "2018.??.??"]
[EventType "tourn"]
[EventCountry "GER"]

{[%evp 14,60,7,6,13,0,0,0,0,-18,-15,-20,-13,-20,-16,-18,-15,-20,-15,-39,-37,-53,-28,-51,-10,-8,-18,-18,-18,-26,-3,-12,0,0,0,0,0,0,-1,-7,0,0,0,0,0,0,0,0,0]} 1. e4 e5 2. Nf3 Nc6 3. Bc4 Bc5 4. d3 Nf6 5. Nc3 h6 6. h3 d6 7. Na4 Bb6 {C50: Hungarian Defence and Giuoco Pianissimo} 8. a3 {LiveBook: 5 Games} Ne7 9. b4 $146 ({Find the theoretical novelty and annotate with similar games:} 9. Nxb6 axb6 10. O-O O-O 11. Nh4 g5 12. Qf3 Kg7 13. Nf5+ Bxf5 14. exf5 Qd7 15. g4 Qc6 16. Qg3 Ned5 17. Bxd5 Nxd5 18. Qf3 f6 {0-1 (40) Neiksans,A (2503)-Ivanchuk,V (2764) Warsaw 2010}) 9... Ng6 10. O-O O-O 11. c3 c6 12. Nxb6 axb6 13. Bb3 Re8 14. Re1 Be6 15. Bc2 d5 16. exd5 Nxd5 17. Bd2 Bf5 $1 18. d4 $1 Bxc2 19. Qxc2 {[%cal Rd4e5]} exd4 20. Rxe8+ Qxe8 21. Nxd4 b5 22. a4 $1 {The position is equal.} bxa4 23. Rxa4 Rxa4 24. Qxa4 Ngf4 25. Qd1 Qe4 {[%csl Gf4][%cal Re4g2] [#]} 26. Qf1 Ne6 27. f3 Qg6 28. Nxe6 Qxe6 29. Qd3 b5 {[%cal Bb7b5,Bb5c4][%mdl 32]} 30. c4 bxc4 {Precision: White = 66%, Black = 53%.} 1/2-1/2

[Event "World Chess Candidates 2018"]
[Site "Berlin"]
[Date "2018.03.14"]
[Round "4"]
[White "Mamedyarov, Shakhriyar"]
[Black "So, Wesley"]
[Result "1/2-1/2"]
[WhiteElo "2809"]
[BlackElo "2799"]
[Annotator "TA"]
[PlyCount "62"]
[EventDate "2018.??.??"]
[EventType "tourn"]
[EventCountry "GER"]
[SourceTitle "playchess.com"]
[Source "ChessBase"]
[SourceQuality "1"]

{[%evp 13,62,26,24,37,40,23,10,15,27,21,20,12,6,24,20,24,16,22,24,17,18,15,13,19,18,16,18,15,10,3,4,4,4,2,12,1,7,5,13,4,8,6,7,0,0,0,0,0,0,0,0]} 1. d4 Nf6 2. c4 e6 3. Nc3 Bb4 4. Qc2 d5 5. a3 Bxc3+ 6. Qxc3 Ne4 7. Qc2 c5 8. dxc5 {E37: Nimzo-Indian: Classical: 4...d5 5 a3 Bxc3+ 6 Qxc3 Ne4} Nc6 9. cxd5 exd5 10. Nf3 Qf6 11. e3 Bg4 12. Be2 O-O 13. O-O Rfe8 14. Bd2 d4 15. Rad1 Nxd2 {[#]} 16. Rxd2 $146 {[%cal Rf3d4]} ({Predecessor:} 16. Qxd2) 16... dxe3 {The position is equal.} 17. Rd6 Re6 18. fxe3 {[#] And now Nd4 would win.} Rxd6 19. cxd6 Bxf3 20. Bxf3 Qxd6 21. Qb3 Qe7 22. Bd5 {[%cal Rf1f7]} Nd8 23. Rc1 Qd7 24. Qc4 Ne6 25. Bxe6 fxe6 26. Qd4 Qxd4 27. exd4 $11 {KR-KR} Rf8 28. Rc7 Rf7 29. Rc8+ Rf8 30. Rc7 Rf7 31. Rc8+ Rf8 {Precision: White = 63%, Black = 87%.} 1/2-1/2

[Event "World Chess Candidates 2018"]
[Site "Berlin"]
[Date "2018.03.14"]
[Round "4"]
[White "Kramnik, Vladimir"]
[Black "Caruana, Fabiano"]
[Result "0-1"]
[WhiteElo "2800"]
[BlackElo "2784"]
[Annotator "TA"]
[PlyCount "132"]
[EventDate "2018.??.??"]
[EventType "tourn"]
[EventCountry "GER"]
[SourceTitle "playchess.com"]
[Source "ChessBase"]
[SourceQuality "1"]

{[%evp 15,132,8,15,0,15,15,21,12,27,0,14,0,6,4,8,-2,0,0,0,0,0,-18,13,-27,-7,-55,-60,-52,-61,-47,-41,-164,-156,-170,-163,-156,-159,-202,-198,-191,-202,-196,-199,-198,-199,-194,-196,-201,-44,-214,-209,-189,-81,-66,0,0,0,-8,45,27,25,30,166,112,127,108,107,116,350,322,319,164,150,76,64,57,62,0,0,0,0,0,0,0,0,0,0,0,0,0,100,107,105,10,25,0,0,0,0,0,0,-66,-75,-12831,-12832,-12832,-2593,-12842,-12841,-12843,-12842,-12843,-12843,-12845,-12840,-12844,-12845,-12846,-12845]} 1. e4 e5 2. Nf3 Nf6 3. Nxe5 d6 4. Nf3 Nxe4 5. Qe2 Qe7 6. Nc3 Nxc3 7. dxc3 Qxe2+ 8. Bxe2 {[%cal Bf1e2,Be2f3,Bf3d5][%mdl 32]} Nc6 {LiveBook: 5 Games. C42: Petroff Defence: 3 Nxe5 and unusual White 3rd moves} 9. Be3 Be7 10. O-O-O O-O {[%cal Be8g8,Bg8f8,Bf8g7][%mdl 32] The position is equal.} 11. Rhe1 (11. Rhg1 a6 12. g4 Re8 13. h4 Be6 14. Ng5 Bd7 15. Kb1 Ne5 16. h5 {½-½ (31) Artemiev,V (2697)-Khalifman,A (2614) Moscow 2018}) 11... Bf6 $146 ({Predecessor:} 11... Bd7 12. Nd4 Bf6 13. f4 Rfe8 14. Bf3 a6 15. Bf2 g6 16. g4 {½-½ (35) Lehtinen,P (2180)-Halme,O (2316) ICCF email 2005}) 12. Nd2 Re8 13. Bf3 Ne5 14. Bf4 Kf8 15. Bd5 c6 16. Bb3 Bf5 17. h3 g5 18. Bh2 Kg7 19. c4 g4 $36 {[%mdl 2048] Black has some pressure.} 20. Ne4 Bxe4 $1 21. Rxe4 Bg5+ 22. Kb1 gxh3 23. c5 (23. gxh3 $15 f5 24. Ree1) 23... f5 $1 $19 {[%cal Rf5e4]} (23... hxg2 24. cxd6 Nf3 25. Rg4 $11) 24. Rb4 hxg2 25. Rxb7+ Kh8 $1 26. cxd6 Nf3 27. Ba4 Nxh2 28. Bxc6 Rad8 {aiming for ...Rxd6!} 29. d7 Re2 30. Bxg2 Rxf2 31. Bc6 Ng4 $2 (31... Nf1 $19 32. a3 a6) 32. Rxa7 $2 (32. c4 $1 $15) 32... Ne3 33. Rg1 h6 (33... Rxc2 $19 {has better winning chances.} 34. Ba4 Rf2) 34. Rc7 $17 Kg7 ({Not} 34... Nxc2 $2 35. Rxg5 $1 {[%mdl 512]} Nb4 36. Rg1 $18) (34... Kh7 $1 $15 35. Rc8 Bf6) 35. a4 $11 {[%cal Ba2a4,Ba4a5,Ba5a6,Ba6a7][%mdl 32]} Kf7 ({Of course not} 35... Nxc2 $6 36. Rc8 $16) 36. Bb5 Ke7 (36... Rd2 $11) 37. a5 $1 $14 {[%cal Ra5a6][%mdl 1024] Hoping for a6. White has compensation.} Rf4 $1 {[%cal Rf4b4]} 38. c3 Kd6 (38... Nd5 $11 39. Rc5 Kd6) 39. Rb7 (39. Rc6+ $18 Ke7 40. a6 Rxd7 41. Rc8) 39... Rg4 40. Re1 f4 41. a6 $1 h5 $2 (41... f3 $16 {was worth a try.} 42. a7 f2 43. Rxe3 Rg1+ 44. Kc2 Bxe3) 42. a7 $18 Ra8 43. b4 (43. c4 $142) 43... h4 {[#]} 44. c4 (44. d8=R+ $142 $1 {[%mdl 512]} Bxd8 (44... Rxd8 45. Rb8) 45. Rd7+ Ke5 46. Bc6 Rxa7 47. Rxa7) 44... h3 $16 {And now ...h2 would win.} 45. c5+ Ke5 46. Rb8 (46. Bc6 $1 $14 h2 47. d8=R Bxd8 48. Rd7 Rxa7 49. Rxa7) 46... Rxa7 $11 {...Bf6 is the strong threat.} 47. Rg8 Bf6 48. d8=Q Bxd8 49. Rxg4 Bf6 50. Rg6 Rb7 51. Be2 Rxb4+ 52. Ka2 {Strongly threatening c6.} Nc2 {[#]} (52... Ke6 $11 {keeps the balance.} 53. Rb1 Ra4+ 54. Kb3 Ra8) 53. Rc1 $1 $16 {[%cal Rc1c2]} Nd4 54. Bd3 ({Better is} 54. Bg4 $16 {Black must now prevent Re1+.} Ra4+ 55. Kb2) 54... Ra4+ 55. Kb1 {Threatens to win with Re1+.} Nb3 56. Re1+ Kd5 57. Kc2 Nd4+ 58. Kb1 ({White should play} 58. Kc1 $1 $11 Be5 59. Rh6) 58... Nf3 $1 $15 ({But not} 58... Ra1+ $6 59. Kxa1 Nc2+ 60. Kb1 $16) 59. Rd1 $2 {[%mdl 8192]} (59. Rxf6 $17 Nxe1 60. Bf1) 59... Ra1+ $19 {Black is clearly winning.} 60. Kc2 Rxd1 61. Ba6 Rd2+ 62. Kc1 Bb2+ 63. Kb1 Kxc5 64. Bb7 Ne5 65. Rf6 f3 {[%cal Bf4f3,Bf3f2][%mdl 32]} 66. Rf5 f2 {Precision: White = 42%, Black = 57%.} 0-1

[Event "World Chess Candidates 2018"]
[Site "Berlin"]
[Date "2018.03.14"]
[Round "4"]
[White "Grischuk, Alexander"]
[Black "Ding, Liren"]
[Result "1/2-1/2"]
[WhiteElo "2767"]
[BlackElo "2769"]
[Annotator "TA"]
[PlyCount "102"]
[EventDate "2018.??.??"]
[EventType "tourn"]
[EventCountry "GER"]
[SourceTitle "playchess.com"]
[Source "ChessBase"]
[SourceQuality "1"]

{[%evp 29,102,-14,66,-20,-20,-16,-7,0,0,0,0,-41,-43,-79,468,-40,-49,-55,27,0,0,0,0,-37,-38,-31,-39,-64,-44,-31,-22,-25,-25,-53,-35,-34,-47,-62,-69,-54,0,-24,-23,-25,0,0,0,0,0,0,0,-8,-8,-8,-8,-8,-8,-8,-8,-8,-8,-8,-8,-8,-8,-8,-8,-8,-8,-8,-8,-8,-8,-8,-8]} 1. d4 Nf6 2. c4 e6 3. Nf3 d5 4. Nc3 c6 5. Bg5 {[%cal Bc1g5,Bg5h4,Bh4g3][%mdl 32]} h6 6. Bh4 dxc4 7. e4 g5 8. Bg3 b5 9. Be2 Bb7 10. O-O Nbd7 11. Ne5 {D43: Semi-Slav: 5 Bg5 h6} Bg7 12. Nxf7 Kxf7 13. e5 Nd5 14. Ne4 Qb6 15. Nd6+ Ke7 $1 {[#] LiveBook: 11 Games} 16. a4 $146 (16. Bg4 $14) ({Predecessor:} 16. Bg4 h5 17. Bxh5 Raf8 18. Qg4 Bh6 {½-½ (36) Shirov,A (2740)-Karjakin,S (2732) Foros 2008}) 16... Raf8 $11 17. Bf3 $1 a6 18. Bxd5 $1 cxd5 19. axb5 axb5 20. Kh1 $1 Bc6 21. f4 {[#]} gxf4 $2 {[%mdl 8192]} (21... h5 $1 $17 {and life is bright.} 22. f5 h4) 22. Rxf4 $2 (22. Bh4+ $18 Bf6 23. Qg4 Qxd4 24. Bxf6+ Rxf6 25. Qg7+ Kd8 26. exf6 (26. Qxh8+ Rf8 $16) 26... Qxf6 27. Qxf6+ Nxf6 28. Nf7+ Kc7 29. Nxh8) 22... Rxf4 $15 23. Bxf4 Kd8 (23... Rf8 $1 $15 24. h3 Kd8) 24. Qg4 Rf8 25. Bd2 Kc7 26. h3 {[#] aiming for Ba5.} ({Not} 26. Qxg7 $2 Qxd4 27. Bc3 Qd3 $19) (26. Ne8+ $5 Rxe8 27. Ba5 Qxa5 28. Rxa5 $11) 26... b4 27. Qxg7 Qxd4 28. Bxb4 Qxb2 29. Ba5+ Kb8 30. Rg1 $1 c3 {[%cal Bc4c3,Bc3c2][%mdl 32] Strongly threatening ...c2.} ({Avoid the trap} 30... Qxe5 $2 31. Rb1+ Ka7 32. Qxe5 $18) 31. Qe7 c2 32. Bd2 Qxe5 {White must now prevent ...Qf6.} 33. Bxh6 Rg8 {And now ...d4 would win.} 34. Nf7 Qc3 (34... Qf6 $15 35. Qd6+ Kb7 36. Qb4+ Nb6 37. Nd6+ Kc7) 35. Qd6+ Kb7 36. Qxe6 d4 37. Nd6+ {The position is equal.} Kb6 {Threatens to win with ...Rg6!} 38. Ne4 Nc5 39. Qxg8 Nxe4 40. Kh2 d3 41. Be3+ Kb5 42. Qb8+ Kc4 $1 43. Qc7 $1 {[%cal Rc7c6]} Qf6 {...Qd6+ is the strong threat.} 44. Rf1 $1 {[%cal Rf1f6]} Qd6+ 45. Qxd6 Nxd6 $11 {[%mdl 4096] Endgame KRB-KBN} 46. Rf6 Kd5 47. Rxd6+ $1 Kxd6 48. Kg3 Kd5 49. Kf2 Kc4 {Hoping for ...Kc3.} 50. Bd2 $1 Kb3 51. Ke3 Bxg2 {Precision: White = 62%, Black = 66%.} 1/2-1/2

[Event "World Chess Candidates 2018"]
[Site "Berlin"]
[Date "2018.03.14"]
[Round "4"]
[White "Karjakin, Sergey"]
[Black "Aronian, Levon"]
[Result "0-1"]
[WhiteElo "2763"]
[BlackElo "2794"]
[Annotator "TA"]
[PlyCount "136"]
[EventDate "2018.??.??"]
[EventType "tourn"]
[EventCountry "GER"]
[SourceTitle "playchess.com"]
[Source "ChessBase"]
[SourceQuality "1"]

{[%evp 25,136,16,11,0,0,0,0,-50,-60,-66,-63,-49,-52,-113,-52,-41,-23,-120,-126,-121,-127,-120,-118,-126,-137,-131,-114,-159,-170,-289,-295,-280,-291,-291,-273,-277,-233,-235,-147,-225,-189,-215,-228,-215,-119,-109,-113,-212,-208,-218,-227,-215,-218,-320,-318,-460,-475,-492,-483,-883,-904,-965,-1100,-1077,-679,-833,-918,-1068,-1087,-1149,-1154,-1123,-1079,-1014,-914,-912,-910,-1650,-1655,-1472,-1425,-1335,-1157,-1030,-1004,-827,-428,-387,-380,-354,-354,-29960,-29959,-29942,-29939,-29942,-29959,-29957,-29963,-29963,-29964,-29967,-29967,-29974,-29975,-29977,-29978,-29978,-29979,-29979,-29980,-29979,-29980]} 1. d4 Nf6 2. c4 e6 3. Nf3 d5 4. Nc3 Bb4 5. Bg5 dxc4 6. e4 c5 7. Bxc4 cxd4 8. Nxd4 Bxc3+ 9. bxc3 Qa5 10. Bb5+ Nbd7 11. Bxf6 Qxc3+ 12. Kf1 gxf6 13. h4 Qb4 {LiveBook: 6 Games. Black wants to play ...e5. D39: Queen's Gambit Declined: Ragozin Defence with 5 Bg5 dxc4} 14. Rb1 (14. Rh3 a6 15. Be2 Ne5 16. Rb1 Qd6 17. Rc3 O-O 18. h5 Rd8 19. Qb3 Bd7 20. Rd1 Qf8 21. Rc7 {½-½ (41) Giri,A (2769)-Harikrishna,P (2758) Shenzhen 2017}) 14... Qd6 15. Rh3 {Threatens to win with Rd3.} a6 {The position is equal.} 16. Be2 {[#]} Nc5 $146 ({Predecessor:} 16... Ne5 17. h5 b5 18. Rc3 Bd7 19. Nb3 Qxd1+ 20. Rxd1 Ke7 21. f4 Nc4 22. Nc5 Bc6 23. Bxc4 bxc4 24. a4 Rhc8 25. Rd4 {½-½ (25) Lalith,B (2502)-Bindrich,F (2522) Chotowa 2010}) 17. Rc3 Nxe4 18. Rd3 O-O {aiming for ...Qh2.} 19. Qc1 (19. Kg1 $15) 19... Qe5 (19... Qh2 $17 {[%cal Rh2h1]} 20. Rh3 Qe5) 20. Bf3 $15 f5 21. Qh6 (21. Kg1 $11 {remains equal.}) 21... Qf6 $17 22. Qxf6 Nxf6 $40 {[%mdl 128] Black is out for blood.} 23. Bxb7 Bxb7 24. Rxb7 Rac8 25. Rg3+ Kh8 26. Rgb3 Ne4 $1 {[%cal Re4d2] And now ...Nd2+ would win.} 27. Rb2 (27. R3b6 $142) 27... Rfd8 $19 28. Nb3 Rd1+ 29. Ke2 Nc3+ 30. Ke3 Kg7 31. g3 Kf6 32. Ra7 (32. Kf3 $17) 32... Rc6 33. Kf3 Nb5 $1 {[%cal Rb5a7]} 34. Ra8 e5 (34... Rg1 $19 35. Re2 e5) 35. Kg2 $17 e4 {[%cal Be5e4,Be4e3][%mdl 32]} 36. a4 (36. Rd2 $17 {was called for.} Rxd2 37. Nxd2) 36... Na3 $19 37. Rd2 Rxd2 38. Nxd2 {[%mdl 4096] Endgame [#] KRN-KRN} e3 $1 {[%cal Re3d2][%mdl 512]} 39. Nf3 (39. fxe3 $142 Rc2 40. Rxa6+ Kg7 41. Kf3 (41. Rd6 $2 Nc4 $19) 41... Rxd2 42. Rc6) 39... Rc2 40. Rxa6+ (40. Ne1 {was worth a try.} Rxf2+ 41. Kg1) 40... Kg7 41. Nd4 Rxf2+ 42. Kg1 (42. Kh3 $142 e2 43. Nxe2 Rxe2 44. Ra5) 42... Nc2 43. Nxc2 Rxc2 {KR-KR} 44. Kf1 Rf2+ $1 45. Ke1 Rg2 46. Rb6 Rxg3 47. Rb4 {[#]} Rg2 $1 48. Rf4 Kg6 49. Rf3 Rg4 50. Rxe3 Rxa4 51. Kf2 Rxh4 52. Re8 Rg4 53. Kf3 Kg7 54. Re5 Kf6 55. Re8 h5 {[%cal Bh7h5,Bh5h4,Bh4h3][%mdl 32]} 56. Rh8 Kg6 57. Kf2 Rg5 58. Kf3 $2 (58. Rg8+ $19 Kf6 59. Ra8) 58... Kg7 {Black mates.} 59. Ra8 h4 60. Kf2 h3 61. Ra3 {[#]} Rh5 $1 62. Kg1 Kg6 63. Kh2 f4 {[%cal Bf5f4,Bf4f3,Bf3f2][%mdl 32]} 64. Ra7 f3 65. Ra1 f2 66. Rf1 Rf5 67. Kxh3 Kg5 68. Kg3 Rf4 {Precision: White = 40%, Black = 79%.} 0-1

[Event "World Chess Candidates 2018"]
[Site "Berlin"]
[Date "2018.03.15"]
[Round "5"]
[White "So, Wesley"]
[Black "Kramnik, Vladimir"]
[Result "1/2-1/2"]
[WhiteElo "2799"]
[BlackElo "2800"]
[Annotator "TA"]
[PlyCount "114"]
[EventDate "2018.??.??"]
[EventType "tourn"]
[EventCountry "GER"]
[SourceTitle "playchess.com"]
[Source "ChessBase"]
[SourceQuality "1"]

{[%evp 30,114,0,0,0,0,0,0,0,0,0,0,0,0,0,0,0,0,0,0,0,0,0,0,0,0,24,0,0,0,0,0,0,0,0,0,0,0,0,0,0,0,0,0,0,0,0,0,0,0,0,0,0,0,0,0,0,0,0,0,0,0,0,-5,0,0,0,0,0,0,0,0,0,0,0,0,0,0,0,0,0,0,0,0,0,0,0]} 1. c4 e6 2. Nf3 d5 3. d4 Nf6 4. Nc3 c5 5. cxd5 Nxd5 6. e4 Nxc3 7. bxc3 cxd4 8. cxd4 Bb4+ 9. Bd2 Bxd2+ 10. Qxd2 O-O 11. Bc4 Nd7 12. O-O b6 13. Rad1 Bb7 14. Rfe1 Rc8 {D41: Queen's Gambit Declined: Semi-Tarrasch with 5 cxd5} 15. Bb3 Re8 16. h3 {LiveBook: 6 Games} (16. Re3 Nf6 17. Qd3 b5 18. d5 exd5 19. e5 Ne4 20. Qxb5 Qb6 21. Qxb6 axb6 22. h4 {½-½ (35) So,W (2788)-Dominguez Perez,L (2739) Saint Louis 2017}) 16... Nf6 17. Qf4 Nh5 $146 ({Predecessor:} 17... Qc7 18. Qh4 h6 19. Re3 b5 20. Ne5 a5 21. a4 bxa4 22. Bxa4 {½-½ (49) Epishin,V (2574)-Del Rio de Angelis,S (2489) Calvia 2005}) 18. Qe5 Nf6 19. Qf4 Nh5 20. Qh2 h6 21. d5 exd5 22. exd5 Rxe1+ 23. Nxe1 Qf6 24. Nd3 $1 Ba6 {[%cal Bb7a6,Ba6d3,Bd3c2][%mdl 32] [#] ...Bxd3 is the strong threat.} 25. Qe5 Bxd3 26. Qxh5 Bc2 27. Rc1 Bf5 28. Rxc8+ (28. Rc6 {is more complex.} Qa1+ 29. Kh2 Qe5+ 30. g3 Rd8 31. h4) 28... Bxc8 {The position is equal.} 29. d6 g5 30. Qd1 Bd7 31. Qd5 Kg7 32. Qb7 Qa1+ 33. Kh2 Qe5+ 34. Kg1 Qxd6 35. Qxa7 h5 36. Qb7 h4 37. Qf3 Qe7 38. Qc3+ f6 39. Qc4 Qe8 40. Qb4 b5 41. a3 Qe5 42. Bd1 Bc6 43. Bf3 Be8 44. Kf1 Bf7 45. Be2 Be8 {White should prevent ...Qa1+.} 46. Bf3 f5 47. Kg1 Bf7 48. Qd2 Kg6 49. Qc1 Be6 50. Qc6 Kf6 51. Qe8 {[#] Threatens to win with Qh8+.} Qa1+ 52. Kh2 {Black must now prevent Qh8+.} Qxa3 53. Qd8+ Qe7 54. Qh8+ Qg7 55. Qd8+ Kg6 56. Qe8+ Qf7 57. Qxb5 Qc7+ {Precision: White = 94%, Black = 76%.} 1/2-1/2

[Event "World Chess Candidates 2018"]
[Site "Berlin"]
[Date "2018.03.15"]
[Round "5"]
[White "Aronian, Levon"]
[Black "Grischuk, Alexander"]
[Result "1/2-1/2"]
[WhiteElo "2794"]
[BlackElo "2767"]
[Annotator "TA"]
[PlyCount "83"]
[EventDate "2018.??.??"]
[EventType "tourn"]
[EventCountry "GER"]
[SourceTitle "playchess.com"]
[Source "ChessBase"]
[SourceQuality "1"]

{[%evp 19,83,22,28,12,18,18,0,12,-2,20,40,16,14,12,88,59,183,165,175,149,183,160,161,167,332,381,317,314,304,0,0,0,0,0,0,-58,594,585,520,0,0,-13,-19,-11,-26,-35,-12,-27,-16,-27,-20,-33,0,0,0,-8,-18,-38,-49,-30,0,0,0,0,0,0]} 1. d4 Nf6 2. c4 g6 3. f3 c5 4. d5 d6 5. e4 e6 6. Nc3 exd5 7. cxd5 Bg7 8. Nge2 {A65: Modern Benoni: 6 e4} Nbd7 9. Ng3 h5 10. Be2 Nh7 {LiveBook: 3 Games} 11. Bf4 $146 ({Predecessor:} 11. Be3) 11... Qe7 12. Qd2 {With the idea Nb5.} h4 13. Nf1 g5 14. Be3 Ne5 15. g3 Bd7 16. gxh4 gxh4 (16... g4 $11 {keeps the balance.} 17. f4 Nf3+ 18. Bxf3 gxf3) 17. Rg1 $16 f5 (17... Rg8 $14) 18. f4 $18 Ng4 {[#]} 19. e5 $1 dxe5 20. d6 Qe6 {White must now prevent ...exf4.} 21. Nb5 Rc8 $2 (21... O-O 22. Nc7 Qf6) 22. Nc7+ Rxc7 23. dxc7 exf4 24. Rd1 $2 (24. Bxf4 Bd4 $14) ({White has to play} 24. O-O-O $18) 24... Ng5 $1 $11 {Hoping for ...Bd4.} (24... fxe3 $2 {[#]} 25. Nxe3 $1 {[%mdl 512]} Nhf6 26. Qd6 $19) 25. c8=Q+ Bxc8 26. Qd8+ Kf7 27. Qc7+ (27. Qxg5 $11 fxe3 28. Bxg4 fxg4 29. Nxe3) 27... Kg8 $2 {[%mdl 8192]} (27... Qe7 $15 {keeps the upper hand.} 28. Bc4+ Kf6 29. Qxe7+ (29. Qxf4 Nh3 $15) 29... Kxe7 30. Bxc5+ Ke8) 28. Rd6 $18 Qf7 29. Qd8+ $2 (29. Qxc8+ $18 Kh7 30. Qxc5) 29... Qf8 $11 {aiming for ...Qxd8.} 30. Bxf4 Ne6 $36 {[%mdl 2048] Black is more active.} 31. Bc4 Qxd8 32. Rxd8+ Kh7 33. Rxh8+ $1 Bxh8 34. Bd6 Ng5 {And now ...Nf3+ would win.} 35. Rg2 $1 Ne4 36. Bb8 Bd4 37. h3 Ne5 38. Bd5 Nd3+ 39. Ke2 Nc1+ (39... Nxb2 $5 {[%cal Re4c3]} 40. Ne3 Nc3+ 41. Kd2 Nxd5 42. Nxd5 Bd7 $17) 40. Kd1 {The position is equal.} Nd3 41. Nd2 Nf6 42. Bf3 {Precision: White = 72%, Black = 48%.} 1/2-1/2

[Event "World Chess Candidates 2018"]
[Site "Berlin"]
[Date "2018.03.15"]
[Round "5"]
[White "Caruana, Fabiano"]
[Black "Karjakin, Sergey"]
[Result "1/2-1/2"]
[WhiteElo "2784"]
[BlackElo "2763"]
[Annotator "TA"]
[PlyCount "61"]
[EventDate "2018.??.??"]
[EventType "tourn"]
[EventCountry "GER"]
[SourceTitle "playchess.com"]
[Source "ChessBase"]
[SourceQuality "1"]

{[%evp 17,61,39,18,0,0,0,0,0,0,0,0,0,0,0,0,0,0,0,0,0,0,0,0,0,0,0,0,0,0,0,0,0,0,0,0,0,0,0,0,0,0,0,0,0,0,0]} 1. d4 Nf6 2. c4 e6 3. g3 d5 4. Bg2 Be7 5. Nf3 O-O 6. Qb3 c6 7. O-O dxc4 8. Qxc4 b5 9. Qc2 Bb7 10. Nbd2 {The position is equal. D30: Queen's Gambit Declined: Systems without Nc3} (10. Bg5 Nbd7 11. Nbd2 c5 12. Bxf6 gxf6 13. Rac1 Qb6 14. dxc5 Nxc5 15. Nb3 Be4 16. Qc3 Nxb3 17. Qxb3 Rac8 18. Nh4 Bg6 {½-½ (27) Vitiugov,N (2722)-Riazantsev,A (2650) St Petersburg 2017}) 10... c5 11. dxc5 Na6 12. Nb3 Be4 13. Qc3 Rc8 {[%cal Ra6c5]} 14. Be3 $146 ({Predecessor:} 14. Qd4 Nxc5 15. Be3 Qxd4 16. Bxd4 Rfd8 17. Bxc5 Bxc5 {½-½ (40) Narkun,M (2183)-Nicolenco,S (2126) LSS email 2010}) 14... Nd5 15. Qd2 Bxf3 16. Bxf3 Nxe3 17. Qxe3 {[#] Hoping for Bb7.} Nxc5 18. Nxc5 Bxc5 19. Qb3 Qb6 20. e3 Be7 21. Rfd1 Rc7 22. Rac1 Rfc8 23. Rxc7 Rxc7 24. Kg2 g6 25. Rd2 Kg7 26. Rc2 Rxc2 (26... b4 {is interesting.} 27. Rxc7 Qxc7 28. Qa4 a5 29. b3 h5) 27. Qxc2 Qc5 28. Qxc5 Bxc5 29. b3 f5 30. a4 bxa4 31. bxa4 {Precision: White = 92%, Black = 98%.} 1/2-1/2